LEADER 01526nam a2200349 u 4500 001 000000052249 003 CaOOAMICUS 005 20070226115428.0 008 001012s1957 it u000 u ita u 035 $a10858009 040 $aPUL(R)$bita 041 1 $aita$hgrc 100 0 $aHippocrates,$dc. 460-370 a.C.$0(OLS)http://pul/name/15759 240 10$aGruppi, scelte$9(Hippocrates, c. 460-370 a.C.).$0(OLS)http://pul/title/70087 245 10$aDell'aria, delle acque, dei luoghi, il giuramento, la legge /$cIppocrate ; a cura di Linda Untersteiner Candia. 246 35$aPeri Aeron, Ydaton, Topon, Orkoe, Nomos 260 $aFirenze :$bFussi,$c1957. 300 $a184 p. ;$c17 cm 490 1 $aIl melagrano ;$v171-173 500 $aTesto a fronte in lingua greca. 504 $aBibliografia: p. 183-184. 700 1 $aUntersteiner Candia, Linda.$0(OLS)http://pul/name/24389 830 3$aIl melagrano ;$v171-173.$0(OLS)http://pul/title/9155 850 $aPUL 852 $aPUL$W1$xDP1 Fondo Ciprotti$y59$m1546 B 44$j69102$nBK-PRI$b $qFondi$B69102$CPULBib$Z2$F69102 $H $81 900 $aIppocrate,$dc. 460-370 a.C.$915759 900 $aHippokrates,$dc. 460-370 a.C.$915759 941 1 $a1 961 $aINV: F.CIPROTTI 996 $6245$aDell'aria, delle acque, dei luoghi, il giuramento, la legge$9(OLS)http://pul/title/70088 996 $6246$aPeri Aeron, Ydaton, Topon, Orkoe, Nomos$9(OLS)http://pul/title/70089 996 $6260$aFirenze :$bFussi$9(OLS)http://pul/publisher/51190 LEADER 01281nam a2200301 u 4500 001 000000079063 003 CaOOAMICUS 005 20070226123510.0 008 040525s1998 fr u000 u fre u 020 $a2711610268 035 $a10996581 040 $aPUL$bita 100 0 $aBonaventura,$cs., card.,$dc. 1217-1274.$0(OLS)http://pul/name/5448 245 13$aLe Christ maitre /$cSaint Bonaventure ; edition traduction et commentaire du sermon universitaire "vnus est magister noster Christus" par Goulven Madec. 260 $aParis :$bJ. Vrin,$c1998. 300 $a142 p. ;$c10 cm 490 1 $aBibliothèque des textes philosophiques 650 4$aCristologia.$0(OLS)http://pul/subject/1402 700 1 $aMadec, Goulven.$0(OLS)http://pul/name/9551 830 0$aBibliothèque des textes philosophiques.$0(OLS)http://pul/title/6498 850 $aPUL 852 $aPUL$W1$xSL Religione 3$y85$m232 MADGO 1$j101264$nBK-PRI$qDDC 21$B101264$CPULBib$Z2$F101264 $H92050 $82 941 1 $a9 960 $aIesus Christus$91402 960 $aIesus Christus$91402 996 $6020$a2711610268$9(OLS)http://pul/number/103744 996 $6245$aLe Christ maitre$9(OLS)http://pul/title/103500 996 $6260$aParis :$bJ. Vrin$9(OLS)http://pul/publisher/48393